| 000 | 00373cam a2200145ua 4500 | ||
|---|---|---|---|
| 003 | OSt | ||
| 008 | 250104b |||||||| |||| 00| 0 eng d | ||
| 041 | _aeng | ||
| 082 |
_a621.381 _bLAN/IN |
||
| 100 |
_aLane, Leonard C . _96761 |
||
| 245 | _aIndustrial electronics made easy, Vol.I / | ||
| 260 |
_a : _bWater view Publishing Co , _c1962. |
||
| 300 | _a169 ; . | ||
| 942 | _cBK | ||
| 999 |
_c8839 _d8839 |
||